[Event "BEL-chT 1819"]
[Site "Belgium"]
[Date "2019.02.24"]
[Round "8.8"]
[White "Touzane, Olivier"]
[Black "Baete, Guy"]
[Result "1-0"]
[WhiteElo "2294"]
[BlackElo "1855"]
[PlyCount "39"]
[EventDate "2018.09.30"]
[EventType "team-tourn"]
[EventRounds "11"]
[EventCountry "BEL"]
[SourceTitle "CBM 189 Extra"]
[Source "ChessBase"]
[SourceDate "2019.06.03"]
[SourceVersion "1"]
[SourceVersionDate "2019.06.03"]
[SourceQuality "1"]
[WhiteTeam "Wirtzfeld"]
[BlackTeam "Brasschaat"]
[WhiteTeamCountry "BEL"]
[BlackTeamCountry "BEL"]

1. d4 d6 2. Bf4 g6 3. e4 Bg7 4. Nf3 Nf6 5. Nc3 0-0 6. Qd2 b6 7. Bh6 Ba6 8. Bxa6 Nxa6 9. h4 c5 10. h5 Ng4 11. Bxg7 Kxg7 12. Qg5 cxd4 13. Nxd4 e5 14. Nf5+ Kh8 15. Qxg4 gxf5 16. Qxf5 Qe7 17. 0-0-0 Rg8 18. g3 Rg5 19. Qf3 Rc8 20. Qd3 1-0

[Event "Vlissingen HZ op 22nd"]
[Site "Vlissingen"]
[Date "2018.08.04"]
[Round "1"]
[White "Baete, Guy"]
[Black "Ikonnikov, Vyacheslav"]
[Result "0-1"]
[WhiteElo "1861"]
[BlackElo "2546"]
[PlyCount "64"]
[EventDate "2018.08.04"]
[EventType "swiss"]
[EventRounds "9"]
[EventCountry "NED"]
[SourceTitle "CBM 185 Extra"]
[Source "ChessBase"]
[SourceDate "2018.07.29"]
[SourceVersion "1"]
[SourceVersionDate "2018.07.29"]
[SourceQuality "1"]

1. d4 Nf6 2. Nf3 e6 3. e3 b6 4. Bd3 Bb7 5. 0-0 c5 6. b3 Be7 7. Bb2 d6 8. c4 0-0 9. Nbd2 Nbd7 10. Rc1 Re8 11. Bb1 Rc8 12. Re1 Bf8 13. e4 cxd4 14. Nxd4 g6 15. Nb5 a6 16. Nc3 Bh6 17. Nf1 Bxc1 18. Qxc1 b5 19. cxb5 axb5 20. Qh6 Qa5 21. Re3 Ng4 22. Qf4 Nxe3 23. Qxe3 b4 24. Ne2 e5 25. Qg5 d5 26. Neg3 d4 27. Nf5 Qd8 28. Qg3 Nf6 29. Nd2 Rc3 30. f3 Nh5 31. Qg4 Kf8 32. Qh3 Qg5 0-1

[Event "BEL-ch op"]
[Site "Niel"]
[Date "2017.07.04"]
[Round "4"]
[White "Van Laer, Jacques"]
[Black "Baete, Guy"]
[Result "0-1"]
[WhiteElo "1488"]
[BlackElo "1828"]
[PlyCount "52"]
[EventDate "2017.07.01"]
[EventType "swiss"]
[EventRounds "9"]
[EventCountry "BEL"]
[SourceTitle "EXT 2018"]
[Source "ChessBase"]
[SourceDate "2017.10.13"]
[SourceVersion "1"]
[SourceVersionDate "2017.10.13"]
[SourceQuality "1"]

1. e4 g6 2. d4 Bg7 3. f4 d5 4. e5 h5 5. c3 Nh6 6. Bd3 Bf5 7. Nf3 e6 8. Na3 Nd7 9. Nc2 c5 10. Ne3 Bxd3 11. Qxd3 0-0 12. Ng5 cxd4 13. cxd4 Nb6 14. Bd2 Qe7 15. a3 Rfc8 16. Bb4 Qd7 17. 0-0 Nc4 18. Nxc4 dxc4 19. Qd1 Nf5 20. Bc3 Ne3 21. Qf3 Nxf1 22. Rxf1 Qc6 23. Qh3 Bh6 24. g4 Bxg5 25. fxg5 hxg4 26. Qxg4 Qd7 0-1

[Event "Vlissingen HZ op 15th"]
[Site "Vlissingen"]
[Date "2011.07.30"]
[Round "1"]
[White "Baete, Guy"]
[Black "Deepan Chakkravarthy, J."]
[Result "0-1"]
[WhiteElo "1909"]
[BlackElo "2470"]
[PlyCount "94"]
[EventDate "2011.07.30"]
[EventType "swiss"]
[EventRounds "9"]
[EventCountry "NED"]
[SourceTitle "CBM 143 Extra"]
[Source "ChessBase"]
[SourceDate "2011.08.29"]
[SourceVersion "1"]
[SourceVersionDate "2011.08.29"]
[SourceQuality "1"]

1. d4 g6 2. Nf3 Bg7 3. e3 Nf6 4. Bd3 0-0 5. 0-0 d6 6. b3 Nbd7 7. Bb2 Re8 8. Nbd2 e5 9. dxe5 dxe5 10. e4 Nh5 11. Re1 b6 12. Bb5 Qe7 13. Nc4 Rd8 14. Qd5 Rb8 15. Rad1 Bb7 16. Bc6 Nf4 17. Ba3 Nc5 18. Bxc5 bxc5 19. Qxd8+ Rxd8 20. Bxb7 Bf6 21. a4 Kg7 22. a5 Ne2+ 23. Kf1 Nd4 24. Nxd4 cxd4 25. Rd3 Qe6 26. a6 Bg5 27. Na5 Qb6 28. Nc4 Qe6 29. Ra1 Be7 30. Ra5 f6 31. Ra1 Bb4 32. Ra4 Qe7 33. Ra1 Qc5 34. Rad1 Rf8 35. Ke2 Bc3 36. Rg3 h5 37. Kd3 Kh6 38. h4 f5 39. f3 c6 40. Rg5 fxe4+ 41. fxe4 Ba5 42. Rxe5 Qb4 43. Ke2 Qc3 44. Rd2 Qg3 45. Rxa5 Rf2+ 46. Kd1 Rf1+ 47. Ke2 Re1# 0-1

[Event "Brasschaat op 08th"]
[Site "Brasschaat"]
[Date "2008.08.23"]
[Round "8"]
[White "Maes, Wim"]
[Black "Baete, Guy"]
[Result "1-0"]
[WhiteElo "2319"]
[BlackElo "1944"]
[PlyCount "69"]
[EventDate "2008.08.16"]
[EventType "swiss"]
[EventRounds "9"]
[EventCountry "BEL"]
[SourceTitle "EXT 2017"]
[Source "ChessBase"]
[SourceDate "2016.10.25"]
[SourceVersion "1"]
[SourceVersionDate "2016.10.25"]
[SourceQuality "1"]

1. e4 c6 2. d3 g6 3. g3 Bg7 4. Bg2 d6 5. Nf3 Bg4 6. c3 Bxf3 7. Qxf3 e6 8. h4 h5 9. Bg5 Bf6 10. Be3 d5 11. Bf4 Nd7 12. Qe2 Kf8 13. 0-0 g5 14. hxg5 Bxg5 15. Bxg5 Qxg5 16. Nd2 Ne7 17. exd5 exd5 18. Rae1 Re8 19. Nf3 Qf6 20. Bh3 Rd8 21. Nh4 Nb6 22. f4 Nbc8 23. Qf2 b6 24. Re5 Nd6 25. Rfe1 Nec8 26. Qf3 Qh6 27. Kh2 b5 28. Qf2 Rg8 29. Qc5 a6 30. Bxc8 f6 31. R5e3 Rxg3 32. Kxg3 Kg8 33. Qxc6 Nf5+ 34. Bxf5 Qxf4+ 35. Kxf4 1-0

[Event "Brasschaat op 05th"]
[Site "Brasschaat"]
[Date "2005.08.27"]
[Round "8"]
[White "Baete, Guy"]
[Black "Viaene, Jan"]
[Result "0-1"]
[WhiteElo "1911"]
[BlackElo "1832"]
[PlyCount "60"]
[EventDate "2005.08.20"]
[EventType "swiss"]
[EventRounds "9"]
[EventCountry "BEL"]
[SourceTitle "CBM 108 Extra"]
[Source "ChessBase"]
[SourceDate "2005.11.04"]
[SourceVersion "1"]
[SourceVersionDate "2005.11.04"]
[SourceQuality "1"]

1. d4 Nf6 2. Nc3 g6 3. e4 d6 4. f4 Bg7 5. Nf3 0-0 6. Bd3 c5 7. e5 Nfd7 8. Be3 cxd4 9. Bxd4 Nc6 10. Ne2 Nxd4 11. Nexd4 dxe5 12. fxe5 Nxe5 13. Nxe5 Bxe5 14. Nf3 Bxb2 15. 0-0 Bxa1 16. Qxa1 Bd7 17. Ne5 Qb6+ 18. Kh1 Bc6 19. Ng4 f6 20. Qc1 Rad8 21. Qh6 Rxd3 22. cxd3 Qd4 23. h3 Qxd3 24. Re1 Qc2 25. Ne3 Qxa2 26. Qh4 Rd8 27. Qg3 Rd3 28. Rg1 Qd2 29. Qb8+ Kg7 30. Ng4 Rxh3+ 0-1

[Event "Brasschaat op 03rd"]
[Site "Brasschaat"]
[Date "2003.08.27"]
[Round "5"]
[White "Baete, Guy"]
[Black "Segers, Vic"]
[Result "0-1"]
[WhiteElo "1936"]
[BlackElo "2102"]
[PlyCount "76"]
[EventDate "2003.08.24"]
[EventType "swiss"]
[EventRounds "9"]
[EventCountry "BEL"]
[SourceTitle "EXT 2017"]
[Source "ChessBase"]
[SourceDate "2016.10.25"]
[SourceVersion "1"]
[SourceVersionDate "2016.10.25"]
[SourceQuality "1"]

1. e4 e6 2. Nf3 d5 3. d3 Nf6 4. Nbd2 c5 5. c3 Nc6 6. Be2 a6 7. Qc2 Be7 8. h3 h6 9. Nf1 Bd6 10. Bd2 b5 11. N3h2 Bb7 12. f4 e5 13. f5 Rc8 14. Bf3 c4 15. dxc4 dxe4 16. Be2 b4 17. Be3 bxc3 18. bxc3 Qa5 19. Rb1 Qc7 20. Bb6 Qe7 21. Ne3 0-0 22. Nhf1 Ba8 23. a4 a5 24. Rb5 Bc7 25. Bc5 Bd6 26. Bb6 Rfe8 27. Nd5 Nxd5 28. cxd5 Nd4 29. Bxd4 exd4 30. Qb1 Rxc3 31. Rb3 Bb4 32. Rxc3 Qc5 33. Bb5 dxc3 34. Qc2 Re5 35. Ng3 Rxd5 36. Be2 Rd2 37. Qxe4 Bxe4 38. Nxe4 Rxe2+ 0-1